[Event "Ruhrgebiet Bezirksliga 15/16"]
[Site "Ruhrgebiet"]
[Date "2016.01.10"]
[Round "6.7"]
[White "Krukowski, Wojtek"]
[Black "Watzlawek, Volker"]
[Result "1-0"]
[WhiteElo "1479"]
[BlackElo "1613"]
[PlyCount "61"]
[EventDate "2015.08.30"]
[EventType "team-tourn"]
[EventRounds "9"]
[EventCountry "GER"]
[SourceTitle "EXT 2022"]
[Source "ChessBase"]
[SourceDate "2021.10.06"]
[SourceVersion "1"]
[SourceVersionDate "2021.10.06"]
[SourceQuality "1"]
[WhiteTeam "Hamm Koenigsspringer II"]
[BlackTeam "Unna SV"]
[WhiteTeamCountry "GER"]
[BlackTeamCountry "GER"]

1. e4 e6 2. d4 d5 3. e5 c5 4. c3 Qb6 5. Nf3 Nc6 6. Bd3 Bd7 7. Qe2 cxd4 8. cxd4 Nxd4 9. Nxd4 Qxd4 10. 0-0 Ne7 11. Nc3 a6 12. Kh1 b5 13. Bxb5 Nc6 14. Be3 Qxe5 15. f4 Qf6 16. Bxc6 Bxc6 17. Rad1 Bb4 18. Bd4 Qe7 19. Bxg7 Rg8 20. Bd4 Bxc3 21. bxc3 Bb5 22. Qe3 Bxf1 23. Rxf1 Rb8 24. Qe2 Qa3 25. c4 Qa4 26. Qe5 Rd8 27. f5 Qc2 28. Rg1 Qxf5 29. Qc7 f6 30. Bb6 Ra8 31. Bc5 1-0